| 000 | 00478nam a2200169Ia 4500 | ||
|---|---|---|---|
| 005 | 20250423094735.0 | ||
| 008 | 250422s9999 xx 000 0 und d | ||
| 020 | _a9789785209495 | ||
| 050 | _aHM 1126 .C45/ | ||
| 245 | 0 | _aChina - Africa relations in a globalised world | |
| 260 | _aAbuja | ||
| 260 | _bInstitute for peace and Conflict Resolution | ||
| 260 | _c2013 | ||
| 300 | _a266 p | ||
| 650 | _aConflict management - Nigeria Conflict management - China | ||
| 942 | _cBK | ||
| 999 |
_c28154 _d28154 |
||